MAASAI MARA UNIVERSITY

LIBRARY CATALOGUE

Contact Us: +254 020 2685356/7 or 0774 057787

Box: 861-20500, NAROK, KENYA

Email: info@mmarau.ac.ke

Sankan S.S (Record no. 1372)

MARC details
000 -LEADER
fixed length control field 00310nam a2200121Ia 4500
008 - FIXED-LENGTH DATA ELEMENTS--GENERAL INFORMATION
fixed length control field 151015s9999 xx 000 0 und d
050 ## - LIBRARY OF CONGRESS CALL NUMBER
Classification number DT 434 .E242 S35 2006
245 ## - TITLE STATEMENT
Title Sankan S.S
250 ## - EDITION STATEMENT
Edition statement _The Maasai
300 ## - PHYSICAL DESCRIPTION
Extent Kenya KLB 2006
650 ## - SUBJECT ADDED ENTRY--TOPICAL TERM
Topical term or geographic name as entry element _Maasai customs
700 ## - ADDED ENTRY--PERSONAL NAME
Personal name ^d20110217 10:35:16^okorir

No items available.

© 2016 Maasai Mara University.